000 00485nam a2200181Ia 4500
005 20250508161718.0
008 008 250505s9999 xx 000 0 eng d
037 _aTextual
040 _aFEDL
_beng
_cFEDL
041 _aeng
_2eng
084 _a378, HAV
_qFEDL
100 _aHavice Charles W
_9771437
245 0 _aCampus values
260 _aNew York, USA
_bCharles Scribber's Sons
_c1968
300 _a183p.
942 _cTEXL
_h378, HAV
999 _c1371690
_d1371690